[Event "Memorial Kurnosova 2017"]
[Site "?"]
[Date "2017.09.09"]
[Round "5.5"]
[White "Khenkin, Igor"]
[Black "Smirnov, Pavel"]
[Result "1/2-1/2"]
[LiveChessVersion "1.4.8"]
[BlackElo "2588"]
[WhiteElo "2540"]

1. d4 {[%clk 0:14:39]} d5 {[%clk 0:14:49]} 2. c4 {[%clk 0:14:42]} e6
{[%clk 0:14:54]} 3. Nf3 {[%clk 0:14:49]} Nf6 {[%clk 0:15:01]} 4. Nc3
{[%clk 0:14:58]} c6 {[%clk 0:14:29]} 5. Bg5 {[%clk 0:15:06]} h6 {[%clk 0:14:34]}
6. Bxf6 {[%clk 0:15:14]} Qxf6 {[%clk 0:14:42]} 7. e3 {[%clk 0:15:23]} g6
{[%clk 0:14:44]} 8. Bd3 {[%clk 0:15:32]} Bg7 {[%clk 0:14:50]} 9. O-O
{[%clk 0:15:37]} O-O {[%clk 0:14:58]} 10. e4 {[%clk 0:15:41]} Qd8
{[%clk 0:14:59]} 11. e5 {[%clk 0:11:58]} dxc4 {[%clk 0:14:52]} 12. Bxc4
{[%clk 0:12:06]} c5 {[%clk 0:15:01]} 13. dxc5 {[%clk 0:11:17]} Nd7
{[%clk 0:15:09]} 14. Re1 {[%clk 0:10:28]} Nxc5 {[%clk 0:12:48]} 15. Qxd8
{[%clk 0:09:55]} Rxd8 16. b4 Na6 {[%clk 0:12:15]} 17. a3 {[%clk 0:08:31]} Bd7
{[%clk 0:12:18]} 18. Rad1 {[%clk 0:06:29]} Rac8 {[%clk 0:11:36]} 19. Bxa6
{[%clk 0:04:57]} bxa6 {[%clk 0:11:42]} 20. Ne4 {[%clk 0:05:05]} Bc6
{[%clk 0:10:40]} 21. Nd6 {[%clk 0:05:06]} Bxf3 {[%clk 0:09:34]} 22. gxf3
{[%clk 0:05:10]} Rc3 {[%clk 0:09:42]} 23. Kg2 {[%clk 0:04:54]} Rxa3
{[%clk 0:09:35]} 24. f4 {[%clk 0:04:14]} Rb3 {[%clk 0:07:09]} 25. Re4
{[%clk 0:04:07]} Bf8 {[%clk 0:06:24]} 26. Rc4 {[%clk 0:03:59]} g5
{[%clk 0:05:07]} 27. fxg5 {[%clk 0:03:49]} hxg5 {[%clk 0:05:15]} 28. h4
{[%clk 0:02:06]} Bg7 {[%clk 0:04:43]} 29. Re1 {[%clk 0:00:31]} gxh4
{[%clk 0:04:21]} 30. Rxh4 {[%clk 0:00:41]} Bxe5 {[%clk 0:02:08]} 31. Nxf7
{[%clk 0:00:48]} Kxf7 32. Rxe5 Rg8+ {[%clk 0:01:52]} 33. Kf1 {[%clk 0:01:07]}
Rb1+ {[%clk 0:01:58]} 34. Ke2 {[%clk 0:01:16]} Rb2+ {[%clk 0:02:07]} 35. Ke3
{[%clk 0:01:04]} Rb3+ {[%clk 0:01:28]} 36. Ke2 {[%clk 0:01:11]} Rb2+
{[%clk 0:01:29]} 37. Ke3 {[%clk 0:01:20]} Rb8 {[%clk 0:01:32]} 38. Ra5
{[%clk 0:01:03]} Rb3+ {[%clk 0:01:33]} 39. Ke2 {[%clk 0:01:12]} Rb6
{[%clk 0:01:14]} 40. Rh7+ {[%clk 0:01:18]} Kf6 {[%clk 0:01:20]} 41. Rxa7
{[%clk 0:01:26]} Rb2+ {[%clk 0:01:03]} 42. Kf1 {[%clk 0:01:06]} R6xb4
{[%clk 0:01:09]} 43. Ra8 {[%clk 0:01:16]} Rb1+ {[%clk 0:00:27]} 44. Kg2
{[%clk 0:01:23]} Rb6 {[%clk 0:00:26]} 45. R8xa6 {[%clk 0:01:31]} Rxa6
{[%clk 0:00:35]} 1/2-1/2

[Event "Memorial Kurnosova 2017"]
[Site "?"]
[Date "2017.09.09"]
[Round "5.6"]
[White "Chigaev, Maksim"]
[Black "Balashov, Yuri S"]
[Result "1-0"]
[LiveChessVersion "1.4.8"]
[BlackElo "2452"]
[WhiteElo "2587"]

1. e4 {[%clk 0:15:17]} e5 {[%clk 0:15:18]} 2. Bc4 {[%clk 0:15:24]} Nf6
{[%clk 0:15:25]} 3. d3 {[%clk 0:15:32]} c6 {[%clk 0:15:33]} 4. Nf3
{[%clk 0:15:40]} d5 {[%clk 0:15:35]} 5. Bb3 {[%clk 0:15:48]} Bd6 {[%clk 0:15:35]}
6. exd5 {[%clk 0:15:56]} cxd5 {[%clk 0:15:41]} 7. Bg5 {[%clk 0:16:04]} Be6
{[%clk 0:15:09]} 8. Nc3 {[%clk 0:16:05]} Bc7 {[%clk 0:13:19]} 9. O-O
{[%clk 0:11:38]} Nc6 {[%clk 0:13:17]} 10. Re1 {[%clk 0:10:57]} a6
{[%clk 0:13:09]} 11. Bh4 {[%clk 0:09:36]} O-O {[%clk 0:12:41]} 12. h3
{[%clk 0:09:18]} Re8 {[%clk 0:11:57]} 13. Bg3 {[%clk 0:08:18]} d4
{[%clk 0:11:34]} 14. Ne4 {[%clk 0:07:52]} Nxe4 {[%clk 0:11:40]} 15. dxe4
{[%clk 0:07:53]} Bxb3 {[%clk 0:11:00]} 16. axb3 {[%clk 0:08:01]} Ba5
{[%clk 0:10:37]} 17. Re2 {[%clk 0:07:59]} Rc8 {[%clk 0:10:43]} 18. Ne1
{[%clk 0:07:21]} Bxe1 {[%clk 0:10:47]} 19. Qxe1 {[%clk 0:06:48]} Qb6
{[%clk 0:10:19]} 20. Qd1 {[%clk 0:06:07]} Qc5 {[%clk 0:09:53]} 21. Rd2
{[%clk 0:05:14]} f6 {[%clk 0:09:21]} 22. c3 {[%clk 0:04:12]} Red8
{[%clk 0:08:38]} 23. Rc1 {[%clk 0:03:46]} Qb6 {[%clk 0:07:19]} 24. b4
{[%clk 0:03:33]} Kh8 {[%clk 0:06:31]} 25. Qf1 {[%clk 0:01:46]} Qb5
{[%clk 0:05:04]} 26. Rcd1 {[%clk 0:01:36]} Kg8 {[%clk 0:04:23]} 27. f3
{[%clk 0:01:04]} Qxf1+ {[%clk 0:03:40]} 28. Kxf1 {[%clk 0:01:13]} dxc3
{[%clk 0:03:03]} 29. bxc3 {[%clk 0:01:15]} Rxd2 {[%clk 0:02:51]} 30. Rxd2
{[%clk 0:01:24]} Rd8 {[%clk 0:02:52]} 31. Rb2 {[%clk 0:01:03]} Na7
{[%clk 0:02:30]} 32. c4 {[%clk 0:00:55]} Rc8 {[%clk 0:01:30]} 33. Bf2
{[%clk 0:00:54]} Nc6 {[%clk 0:01:32]} 34. b5 {[%clk 0:00:46]} axb5
{[%clk 0:01:18]} 35. Rxb5 {[%clk 0:00:46]} Nd8 {[%clk 0:01:23]} 36. Rd5
{[%clk 0:00:37]} Ne6 {[%clk 0:01:23]} 37. c5 {[%clk 0:00:30]} Rc7
{[%clk 0:01:22]} 38. Be3 {[%clk 0:00:29]} Kf7 {[%clk 0:01:26]} 39. Ke2
{[%clk 0:00:36]} Ke7 {[%clk 0:01:34]} 40. Kd3 {[%clk 0:00:41]} Rc6
{[%clk 0:01:42]} 41. Kc4 {[%clk 0:00:27]} Ra6 {[%clk 0:01:51]} 42. Bd2
{[%clk 0:00:19]} Ra2 {[%clk 0:01:35]} 43. Kb3 {[%clk 0:00:24]} Ra1
{[%clk 0:01:24]} 44. Bb4 {[%clk 0:00:20]} Nd4+ {[%clk 0:01:16]} 45. Kb2
{[%clk 0:00:29]} Ra4 {[%clk 0:01:25]} 46. Ba3 {[%clk 0:00:33]} Nc6
{[%clk 0:01:23]} 47. Kb3 {[%clk 0:00:27]} Ra8 {[%clk 0:01:28]} 48. Bb2
{[%clk 0:00:27]} Ra5 {[%clk 0:01:29]} 49. Bc3 {[%clk 0:00:25]} Rb5+
{[%clk 0:01:36]} 50. Kc4 {[%clk 0:00:26]} Rb1 {[%clk 0:01:44]} 51. Rd2
{[%clk 0:00:34]} h5 {[%clk 0:01:43]} 52. h4 {[%clk 0:00:30]} Rc1 {[%clk 0:01:02]}
53. Rb2 {[%clk 0:00:32]} Kd8 {[%clk 0:00:56]} 54. Kd3 {[%clk 0:00:24]} Kc7
{[%clk 0:01:04]} 55. Ra2 {[%clk 0:00:32]} Rh1 {[%clk 0:01:12]} 56. Ra8
{[%clk 0:00:23]} Rg1 {[%clk 0:01:20]} 57. Rh8 {[%clk 0:00:25]} Rxg2
{[%clk 0:01:24]} 58. Rxh5 {[%clk 0:00:34]} Kd7 {[%clk 0:01:29]} 59. Rh7
{[%clk 0:00:31]} Nd8 {[%clk 0:01:38]} 60. h5 {[%clk 0:00:30]} Kc6
{[%clk 0:00:51]} 61. h6 {[%clk 0:00:33]} Ne6 {[%clk 0:01:00]} 62. Kc4
{[%clk 0:00:34]} Rg6 {[%clk 0:01:00]} 63. hxg7 {[%clk 0:00:39]} Ng5
{[%clk 0:00:58]} 64. Rh6 {[%clk 0:00:38]} Rxg7 {[%clk 0:01:04]} 65. Rxf6+
{[%clk 0:00:46]} Kd7 {[%clk 0:01:12]} 66. Bxe5 {[%clk 0:00:50]} Ne6
{[%clk 0:01:16]} 67. Rxe6 {[%clk 0:00:56]} 1-0

[Event "Memorial Kurnosova 2017"]
[Site "?"]
[Date "2017.09.09"]
[Round "5.7"]
[White "Kazantsev, Nikita"]
[Black "Tregubov, Pavel V."]
[Result "0-1"]
[LiveChessVersion "1.4.8"]
[BlackElo "2578"]
[WhiteElo "2063"]

1. e4 {[%clk 0:15:16]} c5 {[%clk 0:15:19]} 2. Nf3 {[%clk 0:15:24]} e6
{[%clk 0:15:28]} 3. d4 {[%clk 0:15:31]} cxd4 {[%clk 0:15:36]} 4. Nxd4
{[%clk 0:15:40]} Nf6 {[%clk 0:15:45]} 5. Bd3 {[%clk 0:15:41]} Nc6
{[%clk 0:15:53]} 6. Nxc6 {[%clk 0:15:41]} bxc6 {[%clk 0:16:01]} 7. O-O
{[%clk 0:15:12]} d5 {[%clk 0:16:09]} 8. Nc3 {[%clk 0:14:24]} Be7 {[%clk 0:16:12]}
9. e5 {[%clk 0:13:24]} Nd7 {[%clk 0:16:21]} 10. f4 {[%clk 0:13:32]} Nc5
{[%clk 0:15:34]} 11. Qg4 {[%clk 0:12:36]} g6 {[%clk 0:13:59]} 12. a3
{[%clk 0:10:24]} O-O {[%clk 0:13:59]} 13. b4 {[%clk 0:09:15]} Nxd3
{[%clk 0:14:06]} 14. cxd3 {[%clk 0:09:23]} a5 {[%clk 0:14:10]} 15. Bd2
{[%clk 0:08:08]} axb4 {[%clk 0:13:40]} 16. axb4 {[%clk 0:08:17]} Rxa1
{[%clk 0:13:43]} 17. Rxa1 {[%clk 0:08:26]} Bxb4 {[%clk 0:13:46]} 18. f5
{[%clk 0:06:28]} Qb6+ {[%clk 0:12:32]} 19. Kh1 {[%clk 0:05:38]} exf5
{[%clk 0:12:40]} 20. Qh4 {[%clk 0:05:23]} Qb7 {[%clk 0:07:32]} 21. Nxd5
{[%clk 0:05:19]} cxd5 {[%clk 0:07:30]} 22. Bxb4 {[%clk 0:03:50]} Re8
{[%clk 0:07:39]} 23. Qd4 {[%clk 0:03:38]} Be6 {[%clk 0:06:31]} 24. Ra7
{[%clk 0:02:47]} Qc6 {[%clk 0:06:27]} 25. h3 {[%clk 0:02:54]} Qc1+
{[%clk 0:06:10]} 26. Kh2 {[%clk 0:03:03]} f4 {[%clk 0:06:16]} 27. Qf2
{[%clk 0:01:56]} Qe3 {[%clk 0:05:45]} 28. Bc5 {[%clk 0:01:46]} Qxf2
{[%clk 0:02:38]} 29. Bxf2 {[%clk 0:01:55]} g5 {[%clk 0:02:46]} 30. h4
{[%clk 0:01:44]} h6 {[%clk 0:02:53]} 31. Ra4 {[%clk 0:00:57]} Kg7
{[%clk 0:02:59]} 32. hxg5 {[%clk 0:01:04]} hxg5 {[%clk 0:03:09]} 33. g3
{[%clk 0:01:12]} fxg3+ {[%clk 0:03:17]} 34. Kxg3 {[%clk 0:00:35]} Rb8
{[%clk 0:03:18]} 35. Be3 {[%clk 0:00:32]} Kg6 {[%clk 0:03:26]} 36. Bc5
{[%clk 0:00:25]} Kf5 {[%clk 0:03:20]} 37. Bd6 {[%clk 0:00:18]} Rb3
{[%clk 0:03:26]} 38. Rd4 {[%clk 0:00:20]} Kg6 {[%clk 0:03:04]} 39. Be7
{[%clk 0:00:17]} Kh5 {[%clk 0:02:51]} 40. Bf6 {[%clk 0:00:20]} Ra3
{[%clk 0:02:55]} 41. Be7 {[%clk 0:00:28]} Ra1 {[%clk 0:02:56]} 42. Rb4
{[%clk 0:00:33]} Rd1 {[%clk 0:03:02]} 43. d4 {[%clk 0:00:17]} Rd3+
{[%clk 0:03:10]} 44. Kg2 {[%clk 0:00:26]} Kg4 {[%clk 0:03:06]} 45. Bc5
{[%clk 0:00:29]} Rd2+ {[%clk 0:03:12]} 46. Kg1 {[%clk 0:00:37]} Kf4
{[%clk 0:03:14]} 47. Rb1 {[%clk 0:00:34]} Bg4 {[%clk 0:02:53]} 48. Be7
{[%clk 0:00:20]} Bf3 {[%clk 0:02:50]} 49. Rf1 {[%clk 0:00:15]} g4
{[%clk 0:02:55]} 50. Bd6 {[%clk 0:00:16]} Rg2+ {[%clk 0:02:27]} 51. Kh1
{[%clk 0:00:25]} Rg3+ {[%clk 0:02:33]} 52. Kh2 {[%clk 0:00:34]} Rh3+
{[%clk 0:02:36]} 53. Kg1 {[%clk 0:00:43]} Rh1+ {[%clk 0:02:37]} 54. Kf2
{[%clk 0:00:52]} g3+ {[%clk 0:02:46]} 55. Ke1 {[%clk 0:00:58]} g2
{[%clk 0:02:49]} 0-1

[Event "Memorial Kurnosova 2017"]
[Site "?"]
[Date "2017.09.09"]
[Round "5.9"]
[White "Ponkratov, Pavel"]
[Black "Yumakhuzhin, Vadim"]
[Result "1-0"]
[LiveChessVersion "1.4.8"]
[BlackElo "2250"]
[WhiteElo "2731"]

1. d4 {[%clk 0:15:18]} Nf6 {[%clk 0:15:19]} 2. c4 {[%clk 0:15:27]} g6
{[%clk 0:15:27]} 3. Nc3 {[%clk 0:15:35]} Bg7 {[%clk 0:15:36]} 4. e4
{[%clk 0:15:43]} d6 {[%clk 0:15:45]} 5. h3 {[%clk 0:15:50]} O-O {[%clk 0:15:48]}
6. Bd3 {[%clk 0:15:58]} e5 {[%clk 0:14:18]} 7. d5 {[%clk 0:16:06]} a5
{[%clk 0:14:26]} 8. Nge2 {[%clk 0:16:08]} Na6 {[%clk 0:14:33]} 9. g4
{[%clk 0:16:13]} Bd7 {[%clk 0:11:58]} 10. Ng3 {[%clk 0:16:15]} c6
{[%clk 0:11:29]} 11. Be3 {[%clk 0:16:19]} cxd5 {[%clk 0:06:31]} 12. cxd5
{[%clk 0:16:26]} a4 {[%clk 0:06:39]} 13. a3 {[%clk 0:14:46]} Qa5 {[%clk 0:06:20]}
14. Kf1 {[%clk 0:14:50]} Nc5 {[%clk 0:06:12]} 15. Bc2 {[%clk 0:14:56]} Rfc8
{[%clk 0:05:59]} 16. Kg2 {[%clk 0:15:02]} b5 {[%clk 0:05:50]} 17. Na2
{[%clk 0:14:56]} Ne8 {[%clk 0:05:02]} 18. h4 {[%clk 0:15:02]} Na6
{[%clk 0:04:06]} 19. g5 {[%clk 0:14:56]} Nc5 {[%clk 0:01:43]} 20. h5
{[%clk 0:14:59]} Qd8 {[%clk 0:01:24]} 21. hxg6 {[%clk 0:15:05]} hxg6
{[%clk 0:01:29]} 22. Nb4 {[%clk 0:15:00]} Nc7 {[%clk 0:01:21]} 23. Rh4
{[%clk 0:12:35]} N7a6 {[%clk 0:01:20]} 24. Na2 {[%clk 0:12:21]} Rab8
{[%clk 0:01:26]} 25. Bd2 {[%clk 0:11:34]} Nc7 {[%clk 0:01:29]} 26. Qh1
{[%clk 0:11:32]} Na8 {[%clk 0:01:24]} 27. Rh7 {[%clk 0:11:35]} Nb3
{[%clk 0:01:10]} 28. Bxb3 {[%clk 0:11:40]} axb3 {[%clk 0:01:19]} 29. Rxg7+
{[%clk 0:11:38]} Kxg7 {[%clk 0:01:26]} 30. Qh6+ {[%clk 0:11:48]} Kg8
{[%clk 0:01:34]} 31. Rh1 {[%clk 0:11:57]} 1-0

[Event "Memorial Kurnosova 2017"]
[Site "?"]
[Date "2017.09.09"]
[Round "5.10"]
[White "Pichugin, Andrei"]
[Black "Lysyj, Igor"]
[Result "0-1"]
[LiveChessVersion "1.4.8"]
[BlackElo "2667"]
[WhiteElo "2240"]

1. e4 {[%clk 0:15:18]} e5 {[%clk 0:15:19]} 2. Nf3 {[%clk 0:15:26]} Nc6
{[%clk 0:15:28]} 3. Nc3 {[%clk 0:15:32]} Nf6 {[%clk 0:15:37]} 4. d4
{[%clk 0:15:41]} exd4 {[%clk 0:15:45]} 5. Nxd4 {[%clk 0:15:50]} Bc5
{[%clk 0:15:54]} 6. Be3 {[%clk 0:15:55]} Bb6 {[%clk 0:16:03]} 7. Be2
{[%clk 0:13:43]} O-O 8. O-O {[%clk 0:13:52]} Re8 {[%clk 0:16:16]} 9. Nxc6
{[%clk 0:13:29]} bxc6 {[%clk 0:16:20]} 10. Bg5 {[%clk 0:13:25]} h6
{[%clk 0:16:13]} 11. Bh4 {[%clk 0:13:33]} d6 {[%clk 0:15:56]} 12. Bd3
{[%clk 0:13:26]} Bd4 {[%clk 0:15:39]} 13. Re1 {[%clk 0:12:40]} Rb8
{[%clk 0:15:27]} 14. Rb1 {[%clk 0:12:36]} Rxb2 {[%clk 0:13:55]} 15. Rxb2
{[%clk 0:11:16]} Bxc3 {[%clk 0:14:04]} 16. Rb1 {[%clk 0:11:25]} Bxe1
{[%clk 0:13:43]} 17. Qxe1 {[%clk 0:11:34]} g5 {[%clk 0:12:22]} 18. Bg3
{[%clk 0:11:40]} c5 {[%clk 0:09:43]} 19. f3 {[%clk 0:10:22]} d5 {[%clk 0:07:40]}
20. Rd1 {[%clk 0:07:35]} c6 {[%clk 0:07:32]} 21. Qc3 {[%clk 0:06:36]} dxe4
{[%clk 0:07:13]} 22. Be2 {[%clk 0:06:44]} Nd5 {[%clk 0:06:38]} 23. Qxc5
{[%clk 0:06:52]} Qb6 {[%clk 0:06:46]} 24. Bf2 {[%clk 0:05:20]} Qxc5
{[%clk 0:06:30]} 25. Bxc5 {[%clk 0:05:29]} Nc3 {[%clk 0:06:39]} 26. Rd2
{[%clk 0:05:38]} e3 {[%clk 0:06:44]} 0-1

[Event "Memorial Kurnosova 2017"]
[Site "?"]
[Date "2017.09.09"]
[Round "6.1"]
[White "Yuffa, Daniil"]
[Black "Bocharov, Ivan"]
[Result "1-0"]
[LiveChessVersion "1.4.8"]
[BlackElo "2590"]
[WhiteElo "2554"]

1. d4 {[%clk 0:15:17]} Nf6 {[%clk 0:15:19]} 2. c4 {[%clk 0:15:26]} c6
{[%clk 0:15:28]} 3. Nc3 {[%clk 0:15:14]} d5 {[%clk 0:15:36]} 4. Nf3
{[%clk 0:15:23]} dxc4 {[%clk 0:15:38]} 5. a4 {[%clk 0:15:30]} Bf5
{[%clk 0:15:46]} 6. Ne5 {[%clk 0:15:32]} Nbd7 {[%clk 0:15:38]} 7. Nxc4
{[%clk 0:15:40]} Qc7 {[%clk 0:15:45]} 8. g3 {[%clk 0:15:47]} e5 {[%clk 0:15:47]}
9. dxe5 {[%clk 0:15:11]} Nxe5 {[%clk 0:15:55]} 10. Bf4 {[%clk 0:15:19]} Nfd7
{[%clk 0:16:02]} 11. Bg2 {[%clk 0:15:16]} g5 {[%clk 0:15:46]} 12. Nxe5
{[%clk 0:14:20]} gxf4 {[%clk 0:15:54]} 13. Nxd7 {[%clk 0:14:29]} Bxd7
{[%clk 0:15:59]} 14. Qd4 {[%clk 0:13:59]} Rg8 {[%clk 0:16:01]} 15. O-O
{[%clk 0:13:52]} Bg7 {[%clk 0:15:24]} 16. Qe4+ {[%clk 0:13:29]} Qe5
{[%clk 0:15:29]} 17. gxf4 {[%clk 0:11:27]} Qxe4 {[%clk 0:15:37]} 18. Nxe4
{[%clk 0:11:36]} b6 {[%clk 0:14:29]} 19. Ra3 {[%clk 0:10:04]} Bxb2
{[%clk 0:13:45]} 20. Re3 {[%clk 0:09:06]} Kf8 {[%clk 0:11:49]} 21. Rd1
{[%clk 0:08:22]} Be8 {[%clk 0:10:20]} 22. Kf1 {[%clk 0:06:43]} Rg4
{[%clk 0:09:44]} 23. Nd6 {[%clk 0:05:53]} Rxf4 {[%clk 0:09:23]} 24. Rxe8+
{[%clk 0:05:32]} Rxe8 {[%clk 0:09:32]} 25. Nxe8 {[%clk 0:05:40]} Kxe8
{[%clk 0:09:31]} 26. Bxc6+ {[%clk 0:05:48]} Kf8 {[%clk 0:09:39]} 27. Rd8+
{[%clk 0:05:38]} Kg7 {[%clk 0:09:46]} 28. e3 {[%clk 0:04:32]} Rc4
{[%clk 0:09:44]} 29. Bb5 {[%clk 0:04:36]} Rh4 {[%clk 0:08:48]} 30. Rd7
{[%clk 0:03:31]} a6 {[%clk 0:08:54]} 31. Bc6 {[%clk 0:03:27]} Rh6
{[%clk 0:06:57]} 32. Bd5 {[%clk 0:03:26]} Rf6 {[%clk 0:07:06]} 33. Bc4
{[%clk 0:03:24]} Be5 {[%clk 0:06:56]} 34. Kg2 {[%clk 0:02:24]} b5
{[%clk 0:04:20]} 35. axb5 {[%clk 0:02:27]} axb5 {[%clk 0:04:29]} 36. Bxb5
{[%clk 0:02:10]} Rg6+ {[%clk 0:03:51]} 37. Kh1 {[%clk 0:02:11]} Rf6
{[%clk 0:03:11]} 38. Kg2 {[%clk 0:01:37]} Rg6+ {[%clk 0:03:20]} 39. Kh1
{[%clk 0:01:47]} Rf6 {[%clk 0:03:29]} 40. Rd2 {[%clk 0:01:12]} Rd6
{[%clk 0:03:04]} 41. Rc2 {[%clk 0:01:12]} Rd5 {[%clk 0:02:43]} 42. Be2
{[%clk 0:01:13]} Rd6 {[%clk 0:02:03]} 43. f4 {[%clk 0:01:00]} Bf6
{[%clk 0:02:05]} 44. Kg2 {[%clk 0:01:01]} Rb6 {[%clk 0:01:59]} 45. Rc7
{[%clk 0:00:58]} Kf8 {[%clk 0:02:03]} 46. Bc4 {[%clk 0:00:46]} Be7
{[%clk 0:02:08]} 47. Kf3 {[%clk 0:00:52]} Rb2 {[%clk 0:02:14]} 48. Rc8+
{[%clk 0:00:40]} Kg7 {[%clk 0:02:23]} 49. Rc7 {[%clk 0:00:50]} Kf8
{[%clk 0:02:32]} 50. Be2 {[%clk 0:00:55]} Ra2 {[%clk 0:02:28]} 51. e4
{[%clk 0:00:47]} Ra3+ {[%clk 0:02:28]} 52. Kg4 {[%clk 0:00:33]} Ra2
{[%clk 0:01:21]} 53. Kf3 {[%clk 0:00:34]} Ra3+ 54. Kg4 Ra2 {[%clk 0:01:39]} 55.
Bc4 {[%clk 0:00:32]} Rxh2 {[%clk 0:01:38]} 56. e5 {[%clk 0:00:40]} Rh1
{[%clk 0:00:47]} 57. f5 {[%clk 0:00:44]} Rg1+ {[%clk 0:00:33]} 58. Kf3
{[%clk 0:00:51]} Rg5 {[%clk 0:00:26]} 59. f6 {[%clk 0:00:37]} Bxf6
{[%clk 0:00:20]} 60. Rxf7+ {[%clk 0:00:45]} Ke8 {[%clk 0:00:29]} 61. exf6
{[%clk 0:00:49]} Rc5 {[%clk 0:00:35]} 62. Re7+ {[%clk 0:00:35]} Kf8
{[%clk 0:00:44]} 63. Rf7+ {[%clk 0:00:43]} Ke8 {[%clk 0:00:53]} 64. Re7+
{[%clk 0:00:52]} Kf8 {[%clk 0:01:03]} 65. Re4 {[%clk 0:00:45]} h5
{[%clk 0:00:47]} 66. f7 {[%clk 0:00:48]} Rc8 {[%clk 0:00:55]} 67. Bd5
{[%clk 0:00:50]} Rd8 {[%clk 0:00:38]} 68. Re5 {[%clk 0:00:56]} h4
{[%clk 0:00:46]} 69. Rg5 {[%clk 0:01:00]} 1-0

[Event "Memorial Kurnosova 2017"]
[Site "?"]
[Date "2017.09.09"]
[Round "6.2"]
[White "Tregubov, Pavel V."]
[Black "Riazantsev, Alexander"]
[Result "1/2-1/2"]
[LiveChessVersion "1.4.8"]
[BlackElo "2703"]
[WhiteElo "2578"]

1. d4 {[%clk 0:15:18]} Nf6 {[%clk 0:15:19]} 2. c4 {[%clk 0:15:26]} e6
{[%clk 0:15:27]} 3. Nc3 {[%clk 0:15:35]} Bb4 {[%clk 0:15:35]} 4. e3
{[%clk 0:15:43]} O-O {[%clk 0:15:41]} 5. Bd3 {[%clk 0:15:51]} c5 {[%clk 0:15:36]}
6. Nge2 {[%clk 0:15:57]} cxd4 {[%clk 0:15:36]} 7. exd4 {[%clk 0:16:04]} d5
{[%clk 0:15:35]} 8. cxd5 {[%clk 0:16:11]} Nxd5 {[%clk 0:15:41]} 9. O-O
{[%clk 0:16:19]} Nc6 {[%clk 0:15:20]} 10. Nxd5 {[%clk 0:16:26]} exd5
{[%clk 0:15:25]} 11. Nf4 {[%clk 0:16:31]} Bd6 {[%clk 0:14:47]} 12. Re1
{[%clk 0:16:39]} g6 {[%clk 0:13:30]} 13. Bf1 {[%clk 0:14:38]} Bf5
{[%clk 0:12:46]} 14. Be3 {[%clk 0:12:58]} Re8 {[%clk 0:10:35]} 15. Rc1
{[%clk 0:11:54]} Qa5 {[%clk 0:07:54]} 16. a3 {[%clk 0:08:34]} Rad8
{[%clk 0:08:03]} 17. Bd2 {[%clk 0:07:55]} Rxe1 {[%clk 0:07:59]} 18. Qxe1
{[%clk 0:06:26]} Qb6 {[%clk 0:08:07]} 19. Nxd5 {[%clk 0:05:02]} Qxd4
{[%clk 0:07:05]} 20. Bc4 {[%clk 0:04:29]} Qe5 {[%clk 0:07:08]} 21. g3
{[%clk 0:03:26]} Qxe1+ {[%clk 0:05:58]} 22. Bxe1 {[%clk 0:03:10]} Be5
{[%clk 0:05:17]} 23. Bc3 {[%clk 0:02:39]} Kg7 {[%clk 0:05:26]} 24. f3
{[%clk 0:01:02]} Bd4+ {[%clk 0:02:51]} 25. Bxd4+ {[%clk 0:00:26]} Nxd4
{[%clk 0:03:00]} 26. Kf2 {[%clk 0:00:35]} b5 {[%clk 0:01:50]} 27. Ba2
{[%clk 0:00:43]} Be6 {[%clk 0:01:53]} 28. Rc5 {[%clk 0:00:29]} a6
{[%clk 0:01:39]} 29. g4 {[%clk 0:00:32]} Rd6 {[%clk 0:01:36]} 30. Nc7
{[%clk 0:00:23]} Kf8 {[%clk 0:00:31]} 31. Nxe6+ {[%clk 0:00:20]} Nxe6
{[%clk 0:00:40]} 32. Bxe6 {[%clk 0:00:23]} Rxe6 {[%clk 0:00:49]} 33. Rc7
{[%clk 0:00:24]} g5 {[%clk 0:00:35]} 34. b4 {[%clk 0:00:29]} Kg7 {[%clk 0:00:42]}
35. Ra7 {[%clk 0:00:32]} Kf6 {[%clk 0:00:48]} 36. Kg3 {[%clk 0:00:37]} Rc6
{[%clk 0:00:52]} 37. h4 {[%clk 0:00:46]} h6 {[%clk 0:01:00]} 38. h5
{[%clk 0:00:42]} Ke6 {[%clk 0:01:08]} 39. Kf2 {[%clk 0:00:34]} Rc2+
{[%clk 0:00:48]} 40. Ke1 {[%clk 0:00:30]} Rc6 {[%clk 0:00:54]} 41. Kd2
{[%clk 0:00:36]} f5 {[%clk 0:00:53]} 42. Ke3 {[%clk 0:00:19]} Rc3+
{[%clk 0:00:35]} 43. Kd4 {[%clk 0:00:28]} Rxa3 {[%clk 0:00:31]} 44. Rh7
{[%clk 0:00:36]} Rxf3 {[%clk 0:00:36]} 45. Rxh6+ {[%clk 0:00:45]} Kf7
{[%clk 0:00:44]} 46. gxf5 {[%clk 0:00:45]} Rxf5 {[%clk 0:00:40]} 47. Rxa6
{[%clk 0:00:54]} Rf4+ {[%clk 0:00:30]} 48. Kc5 {[%clk 0:00:54]} Rf5+
{[%clk 0:00:24]} 49. Kd4 {[%clk 0:01:03]} Rf4+ {[%clk 0:00:33]} 50. Ke5
{[%clk 0:00:35]} Rxb4 {[%clk 0:00:34]} 51. Ra7+ {[%clk 0:00:44]} Kg8
{[%clk 0:00:42]} 52. Kf6 {[%clk 0:00:52]} Ra4 {[%clk 0:00:44]} 53. Rg7+
{[%clk 0:00:54]} Kh8 {[%clk 0:00:44]} 54. Rxg5 {[%clk 0:00:56]} Ra6+
{[%clk 0:00:53]} 55. Ke5 {[%clk 0:01:03]} b4 {[%clk 0:00:47]} 56. Kd4
{[%clk 0:01:10]} Rb6 {[%clk 0:00:56]} 57. Rg2 {[%clk 0:01:19]} Kh7
{[%clk 0:01:04]} 58. Rb2 {[%clk 0:01:28]} Kh6 {[%clk 0:01:12]} 59. Kc5
{[%clk 0:01:37]} Rb8 60. Rxb4 Rxb4 {[%clk 0:01:31]} 61. Kxb4 {[%clk 0:01:56]}
Kxh5 1/2-1/2

[Event "Memorial Kurnosova 2017"]
[Site "?"]
[Date "2017.09.09"]
[Round "6.4"]
[White "Gunina, Valentina"]
[Black "Ponkratov, Pavel"]
[Result "1-0"]
[LiveChessVersion "1.4.8"]
[BlackElo "2731"]
[WhiteElo "2528"]

1. e4 {[%clk 0:15:18]} c5 {[%clk 0:14:56]} 2. Nf3 {[%clk 0:15:25]} b6
{[%clk 0:15:05]} 3. Bc4 {[%clk 0:15:15]} Bb7 {[%clk 0:15:06]} 4. O-O
{[%clk 0:14:43]} e6 {[%clk 0:15:14]} 5. Nc3 {[%clk 0:14:40]} a6 {[%clk 0:15:10]}
6. a4 {[%clk 0:14:48]} Nc6 {[%clk 0:15:18]} 7. d3 {[%clk 0:14:50]} Nf6
{[%clk 0:14:30]} 8. e5 {[%clk 0:14:35]} Ng4 {[%clk 0:14:31]} 9. Bf4
{[%clk 0:14:23]} d5 {[%clk 0:14:18]} 10. exd6 {[%clk 0:13:30]} Bxd6
{[%clk 0:14:26]} 11. Bxd6 {[%clk 0:13:38]} Qxd6 {[%clk 0:14:34]} 12. Ne4
{[%clk 0:13:47]} Qc7 {[%clk 0:14:34]} 13. h3 {[%clk 0:10:51]} h5 {[%clk 0:14:27]}
14. Re1 {[%clk 0:10:21]} O-O-O {[%clk 0:13:26]} 15. Qd2 {[%clk 0:08:55]} Nge5
{[%clk 0:10:08]} 16. Nxe5 {[%clk 0:09:04]} Nxe5 {[%clk 0:10:17]} 17. Ba2
{[%clk 0:09:12]} Kb8 {[%clk 0:10:09]} 18. a5 {[%clk 0:09:07]} b5 {[%clk 0:09:56]}
19. Qe3 {[%clk 0:08:58]} Nd7 {[%clk 0:09:42]} 20. c3 {[%clk 0:07:52]} Qc6
{[%clk 0:06:56]} 21. Qf4+ Ka8 22. b4 {[%clk 0:06:22]} f5 {[%clk 0:07:00]} 23. c4
{[%clk 0:06:22]} fxe4 {[%clk 0:05:25]} 24. cxb5 {[%clk 0:06:30]} Qxb5
{[%clk 0:05:33]} 25. Bc4 {[%clk 0:06:18]} Qc6 {[%clk 0:05:41]} 26. b5
{[%clk 0:06:23]} axb5 {[%clk 0:05:47]} 27. a6 {[%clk 0:05:29]} Bc8
{[%clk 0:03:41]} 28. Bxb5 {[%clk 0:05:24]} Qd5 {[%clk 0:01:54]} 29. Qc7
{[%clk 0:04:59]} Ne5 {[%clk 0:01:38]} 30. Rxe4 {[%clk 0:04:54]} Qb3
{[%clk 0:00:46]} 31. Qb6 {[%clk 0:04:00]} Qc3 {[%clk 0:00:34]} 32. Rb1
{[%clk 0:04:04]} 1-0